Most Popular Rihanna Songs - Statistics

General Stats
  • This quiz has been taken 54 times
  • The average score is 6 of 10
Answer Stats
Song % Correct
Umbrella
94%
Diamonds
83%
Work
69%
Only Girl
65%
Stay
54%
We Found Love
54%
What's My Name
52%
Where Have You Been
48%
Don't Stop The Music
42%
Man Down
29%
No matching quizzes found
Score Distribution
Percent of People with Each Score
Percentile by Number Answered
Your Score History
You have not taken this quiz